Mother Mother - Love And Truth Lyrics Quiz - Statistics

General Stats
  • This quiz has been taken 11 times
  • The average score is 193 of 214
Answer Stats
Hint Answer % Correct
(a
100%
About
100%
achieve?
100%
achieve?)
100%
all
100%
and
100%
And
100%
are
100%
awake
100%
awake)
100%
be?
100%
fantasies?
100%
far
100%
from
100%
hard
100%
I
100%
I'm
100%
Lyrics: Is
100%
is
100%
it
100%
it?
100%
lie
100%
(Lie
100%
life
100%
love
100%
Love
100%
missing
100%
my
100%
never
100%
no)
100%
no,
100%
no
100%
Not
100%
Oh,
100%
(Oh
100%
oh,
100%
on
100%
out
100%
simply
100%
so
100%
that
100%
the
100%
they
100%
things
100%
thought
100%
to
100%
(To
100%
truth
100%
truth,
100%
where
100%
Why
100%
you)
100%
you?
100%
at
86%
brood
86%
But
86%
come
86%
commodities
86%
do
86%
in
86%
night
86%
quantities
86%
small
86%
such
86%
would
86%
dance
71%
everything
71%
go
71%
hands
71%
I'd
71%
if
71%
make
71%
me
71%
Of
71%
ordinary?
71%
plenty
71%
really
71%
sure
71%
(Sweet
71%
there
71%
town
71%
up
71%
want
71%
was
71%
Well,
71%
boo,
57%
cannot
57%
delights)
57%
empty
57%
find
57%
home
57%
hoo,
57%
hoo
57%
hot
57%
(Poor
57%
romance
57%
(smooch
57%
smooch)
57%
they're
57%
try
57%
with
57%
chagrin
43%
(Chagrin)
43%
cha
43%
now
43%
shoop
43%
shoop)
43%
No matching quizzes found
Score Distribution
Percent of People with Each Score
Percentile by Number Answered
Your Score History
You have not taken this quiz